00330pab a2200133 454500008004000000100001900040245002900059260000900088300001500097362001200112650001400124650001400138773004400152180718b1962 xxu||||| |||| 00| 0 eng d aDubhashi, P.R. aPanchayati Raj personnel c1962 ap.531-549. aOct-Dec aPersonnel aPanchayat aIndian Journal of Public Administration